01441nam2a22002411 4500001001100000005001700011021001900028035002600047100004100073101000800114102000700122105001800129200008100147210000900228215001100237320003600248461047800284604023700762700014100999801001801140801002201158852001901180rc\360690120260406090236.0 aRUb[72-15883] a(NLR Aleph) 007815195 a20130115d1972 |||y0rusy50 ca0 arus aRU ay z |||||1 aЭтика как философская наукаfС.Ф. Анисимов d1972 a66 с. aСписок лит.: с. 62-65 01001rc\360690012001#$aМарксистско-ленинская этика$eЛекции по курсу$fНауч.-метод. каб. по заоч. и веч. обучению МГУ им. М.В. Ломоносова$vЧ. 1cМоскваd1972-fНауч.-метод. каб. по заоч. и веч. обучению МГУ им. М.В. ЛомоносоваnИзд-во МГУoЛекции по курсуtМарксистско-ленинская этикаvЧ. 1 150010$aЭтика как философская наука1700#1$aАнисимов$bС.Ф.$gСергей ФедоровичtЭтика как философская наукаaАнисимов, Сергей Федорович 140707ca8rusaАнисимовbС. Ф.cд-р филос. наукf1922-2005gСергей Федорович3RU\NLR\AUTH\770280788 0aRUbNLRgpsbo 1aRUbELAR2rusmarc aNLRj72-6/2354